书目信息 |
| 题名: |
徐懋庸研究资料
|
|
| 作者: | 王韦 编 | |
| 分册: | ||
| 出版信息: | 北京 知识产权出版社 2010.01 |
|
| 页数: | 385页 | |
| 开本: | 23cm | |
| 丛书名: | 中国文学史资料全编 | |
| 单 册: | ||
| 中图分类: | I206.7 , K825.6 | |
| 科图分类: | ||
| 主题词: | ||
| 电子资源: | ||
| ISBN: | 978-7-80247-788-9 | |
| 000 | 00997nam 2200289 450 | |
| 001 | 012010518335 | |
| 005 | 20100624172357.71 | |
| 010 | @a978-7-80247-788-9@dCNY50.00 | |
| 100 | @a20100624d2010 em y0chiy0120 ea | |
| 101 | 0 | @achi |
| 102 | @aCN@b110000 | |
| 105 | @ay z 001yy | |
| 106 | @ar | |
| 200 | 1 | @a徐懋庸研究资料@Axu mao yong yan jiu zi liao@f王韦编@Fwang wei bian |
| 210 | @a北京@c知识产权出版社@d2010.01 | |
| 215 | @a385页@d23cm | |
| 225 | 2 | @a中国文学史资料全编@Azhong guo wen xue shi zi liao quan bian@i现代卷@v15 |
| 320 | @a有索引 | |
| 330 | @a本书分生平资料、文学活动自述,研究评论文章选辑,资料目录索引等四个部分,全面收集了关于徐懋庸的研究资料。 | |
| 410 | 0 | @12001 @a中国文学史资料全编@i现代卷@v15 |
| 600 | 0 | @a徐懋庸,@Axu mao yong@f1910-1977@x文学研究 |
| 600 | 0 | @a徐懋庸,@Axu mao yong@f1910-1977@x人物研究 |
| 690 | @aI206.7@v4 | |
| 690 | @aK825.6@v4 | |
| 701 | 0 | @a王韦@Awang wei@4编 |
| 801 | 0 | @aCN@bQSSK@c20100624 |
| 905 | @b783417-19@dI206.7@eW373@f3 | |
| 徐懋庸研究资料/王韦编.-北京:知识产权出版社,2010.01 |
| 385页;23cm.-(中国文学史资料全编.现代卷;15) |
| ISBN 978-7-80247-788-9:CNY50.00 |
| 本书分生平资料、文学活动自述,研究评论文章选辑,资料目录索引等四个部分,全面收集了关于徐懋庸的研究资料。 |
| ● |
| 相关链接 |
|
|
|
正题名:徐懋庸研究资料
索取号:I206.7/W373
 
预约/预借
| 序号 | 登录号 | 条形码 | 馆藏地/架位号 | 状态 | 备注 |
| 1 | 783417 | 207834174 | 文学库108/108文学库 6排7列1层/ [索取号:I206.7/W373] | 在馆 | |
| 2 | 783418 | 207834183 | 文学库108/108文学库 6排7列1层/ [索取号:I206.7/W373] | 在馆 | |
| 3 | 783419 | 207834192 | 文学库108/108文学库 6排7列1层/ [索取号:I206.7/W373] | 在馆 |